| 000 | 01138nam a2200229Ia 4500 | ||
|---|---|---|---|
| 999 |
_c52696 _d52696 |
||
| 001 | 19721 | ||
| 003 | GE_BSU | ||
| 005 | 20191107133916.0 | ||
| 008 | 181216s2016||||ge |||||||||||||| ||geo|| | ||
| 020 | _a9789941094262 | ||
| 041 | _ageo | ||
| 080 | _a617.3(075.8) ჟ-99 | ||
| 100 |
_aჟღენტი, გ.რ. _95011 |
||
| 245 |
_aტრავმატოლოგია ორთოპედია : _bსახელმძღვანელო / _cგ. რ. ჟღენტი. |
||
| 264 |
_aბათუმი : _bთეგი, _c2016. |
||
| 300 |
_a567 გვ .: _bილ ; _c22 სმ. |
||
| 504 | _aბიბლიოგტრაფ. გვ: 558-559 | ||
| 653 | _aმედიცინა | ||
| 653 | _aტრავმატოლოგია | ||
| 653 | _aწიგნის ცალკეული თავები ეძღვნება ძვალ-სახსროვანი სისტემის დაავადებებს,სიმსივნეებს,თერმულ ტრამვებსა და კრიტიკულ მდგომარეობებს. | ||
| 942 |
_cBK _2udc |
||